The architecture of neoliberalism : (Record no. 14359)

000 -LEADER
fixed length control field 01338cam a2200217 i 4500
003 - CONTROL NUMBER IDENTIFIER
control field OSt
005 - DATE AND TIME OF LATEST TRANSACTION
control field 20260216112222.0
006 - FIXED-LENGTH DATA ELEMENTS--ADDITIONAL MATERIAL CHARACTERISTICS--GENERAL INFORMATION
fixed length control field m |o d |
008 - FIXED-LENGTH DATA ELEMENTS--GENERAL INFORMATION
fixed length control field 240826s2016 nyua o 000 0 eng
020 ## - INTERNATIONAL STANDARD BOOK NUMBER
International Standard Book Number 9781350375901
Qualifying information ebook
082 00 - DEWEY DECIMAL CLASSIFICATION NUMBER
Classification number 720.1/03
Edition number 23
100 1# - MAIN ENTRY--PERSONAL NAME
Personal name Spencer, Douglas,
Relator term author.
245 14 - TITLE STATEMENT
Title The architecture of neoliberalism :
Remainder of title how contemporary architecture became an instrument of control and compliance /
Statement of responsibility, etc Douglas Spencer.
300 ## - PHYSICAL DESCRIPTION
Extent 1 online resource (xiv, 213 pages) :
Other physical details illustrations.
505 8# - FORMATTED CONTENTS NOTE
Formatted contents note Machine generated contents note: -- Introduction: Architecture, Neoliberalism and the Game of Truth 1. The Art of Neoliberal Governmentality 2. The Spatial Constitution of the Neoliberal Subject 3. Architecture Theory: From May '68 to the 'Real' of the Market 4. Labour Theory: Architecture, Work and Neoliberalism 5. Festivals of Circulation: Neoliberal Architectures of Culture, Commerce and Eduction 6. Neoliberalism and Effect: Architecture and the Patterning of Experience Conclusion: The Necessity of Critique Bibliography.
650 #0 - SUBJECT ADDED ENTRY--TOPICAL TERM
Topical term or geographic name as entry element Architecture and society.
650 #0 - SUBJECT ADDED ENTRY--TOPICAL TERM
Topical term or geographic name as entry element Architecture
General subdivision Political aspects.
650 #0 - SUBJECT ADDED ENTRY--TOPICAL TERM
Topical term or geographic name as entry element Neoliberalism.
776 08 - ADDITIONAL PHYSICAL FORM ENTRY
Display text Print Version:
Title The architecture of neoliberalism
Place, publisher, and date of publication New York : Bloomsbury Academic, 2016.
International Standard Book Number 9781472581525
Record control number (DLC) 2016009047
942 ## - ADDED ENTRY ELEMENTS (KOHA)
Source of classification or shelving scheme
Holdings
Withdrawn status Lost status Source of classification or shelving scheme Damaged status Koha normalized classification for sorting Not for loan Permanent location Current location Shelving location Date acquired Full call number Barcode Date last seen Price effective from Koha item type
        720_100000000000000_03   BMS College of Architecture, Design and Planning BMS College of Architecture, Design and Planning General Stacks 2025-12-19 720.1/03 AR-UG5285 2026-02-10 2026-02-10 UG Books
Copyright © 2025, The Librarian, Library and Information Centre, BMSCA D&P, Bengaluru. All Rights Reserved
web counter

Powered by Koha